[Event "NED-chT 2122"]
[Site "Netherlands"]
[Date "2022.04.23"]
[Round "9.4"]
[White "Van Overdam, Julian"]
[Black "Wu, Kevin"]
[Result "1-0"]
[WhiteElo "2411"]
[BlackElo "1902"]
[PlyCount "61"]
[EventDate "2021.09.18"]
[EventType "team-tourn"]
[EventRounds "9"]
[EventCountry "NED"]
[SourceTitle "EXT 2023"]
[Source "ChessBase"]
[SourceDate "2022.10.05"]
[SourceVersion "1"]
[SourceVersionDate "2022.10.05"]
[SourceQuality "1"]
[WhiteTeam "Charlois Europoort"]
[BlackTeam "Caissa"]
[WhiteTeamCountry "NED"]
[BlackTeamCountry "NED"]

1. e4 c5 2. Nc3 e6 3. f4 Nc6 4. Nf3 d5 5. Bb5 Nge7 6. exd5 exd5 7. Qe2 Bg4 8. Bxc6+ bxc6 9. 0-0 Qd6 10. b3 g6 11. Bb2 Bg7 12. Nb5 cxb5 13. Bxg7 Rg8 14. Be5 Qc6 15. Bb2 Kf8 16. Rae1 Qb7 17. Bf6 Be6 18. Ng5 Qb6 19. Nxe6+ fxe6 20. Qxe6 Qxe6 21. Rxe6 Nf5 22. Rfe1 Kf7 23. g4 Ng7 24. Rc6 Rge8 25. Rxe8 Nxe8 26. Be5 c4 27. Rc5 a6 28. Rxd5 Nf6 29. Bxf6 Kxf6 30. bxc4 bxc4 31. Rd4 1-0

[Event "Wch U20 51st"]
[Site "Athens"]
[Date "2012.08.12"]
[Round "10"]
[White "Wu, Kevin"]
[Black "Kalogridakis, Georgios"]
[Result "0-1"]
[WhiteElo "1905"]
[BlackElo "2017"]
[PlyCount "76"]
[EventDate "2012.08.02"]
[EventType "swiss"]
[EventRounds "13"]
[EventCountry "GRE"]
[SourceTitle "CBM 149 Extra"]
[Source "ChessBase"]
[SourceDate "2012.08.24"]
[SourceVersion "1"]
[SourceVersionDate "2012.08.24"]
[SourceQuality "1"]

1. e4 c5 2. c3 d5 3. exd5 Qxd5 4. d4 Nf6 5. Na3 a6 6. Nf3 Bg4 7. Be2 e6 8. Nc4 Qd8 9. 0-0 Nc6 10. Bf4 cxd4 11. Nxd4 Bxe2 12. Nxe2 Nd5 13. Bg3 Be7 14. Nf4 0-0 15. Qg4 Nf6 16. Qe2 Qe8 17. Rad1 b5 18. Nd6 Bxd6 19. Rxd6 Ne7 20. Nh5 Nxh5 21. Qxh5 Nf5 22. Qf3 Nxd6 23. Bxd6 Rd8 24. Bxf8 Kxf8 25. Rd1 Rd5 26. Kf1 Qc6 27. Rxd5 exd5 28. Qd3 h6 29. b3 a5 30. Qd4 Kg8 31. a4 bxa4 32. bxa4 Qb7 33. Qc5 Qb1+ 34. Ke2 Qc2+ 35. Ke3 Qe4+ 36. Kd2 Qf4+ 37. Ke1 Qc1+ 38. Ke2 Qc2+ 0-1

[Event "Wch U20 51st"]
[Site "Athens"]
[Date "2012.08.10"]
[Round "8"]
[White "Jones, William EG"]
[Black "Wu, Kevin"]
[Result "1/2-1/2"]
[WhiteElo "2127"]
[BlackElo "1905"]
[PlyCount "43"]
[EventDate "2012.08.02"]
[EventType "swiss"]
[EventRounds "13"]
[EventCountry "GRE"]
[SourceTitle "CBM 149 Extra"]
[Source "ChessBase"]
[SourceDate "2012.08.24"]
[SourceVersion "1"]
[SourceVersionDate "2012.08.24"]
[SourceQuality "1"]

1. e4 c5 2. Nf3 e6 3. d4 cxd4 4. Nxd4 Nf6 5. Nc3 Qb6 6. Nb3 Bb4 7. Bd3 Bxc3+ 8. bxc3 d6 9. 0-0 0-0 10. Kh1 Nbd7 11. Bg5 Qc7 12. Qe1 b6 13. Nd4 Bb7 14. f4 h6 15. Bh4 Rfc8 16. c4 Qc5 17. Nb5 Qc6 18. Nd4 Qc5 19. Nb5 Qc6 20. Nd4 Qc5 21. Nb5 Qc6 22. Nd4 1/2-1/2

[Event "Wch U20 51st"]
[Site "Athens"]
[Date "2012.08.06"]
[Round "5"]
[White "Wu, Kevin"]
[Black "Tsiros, Fragkiskos Vlasios"]
[Result "1-0"]
[WhiteElo "1905"]
[BlackElo "1897"]
[PlyCount "103"]
[EventDate "2012.08.02"]
[EventType "swiss"]
[EventRounds "13"]
[EventCountry "GRE"]
[SourceTitle "CBM 149 Extra"]
[Source "ChessBase"]
[SourceDate "2012.08.24"]
[SourceVersion "1"]
[SourceVersionDate "2012.08.24"]
[SourceQuality "1"]

1. e4 c5 2. Na3 g6 3. c3 Bg7 4. g3 Nc6 5. Bg2 Nf6 6. Ne2 0-0 7. d4 cxd4 8. cxd4 d6 9. 0-0 Bd7 10. h3 Qb6 11. Rb1 Qa6 12. Be3 Rac8 13. Re1 Nb4 14. Qb3 Qa4 15. Qxa4 Bxa4 16. Nc3 Bc2 17. Rbc1 Bd3 18. e5 dxe5 19. dxe5 Nd7 20. f4 Ba6 21. Nd5 Nxd5 22. Bxd5 e6 23. Bb3 Bh6 24. Rxc8 Rxc8 25. Bxa7 Bf8 26. Bf2 Bc5 27. Rd1 Bxf2+ 28. Kxf2 Nc5 29. Bc2 b5 30. b4 Na4 31. Bxa4 bxa4 32. b5 Bb7 33. Rd4 Ra8 34. Ke3 Bd5 35. Nc4 a3 36. Nb6 Rd8 37. Nxd5 exd5 38. Rd3 Rb8 39. Rxd5 Kf8 40. Kd4 Ke7 41. Kc5 Rc8+ 42. Kb4 Rc2 43. Kb3 Re2 44. Kxa3 Re3+ 45. Kb4 Rxg3 46. b6 Rg1 47. Rd3 Rb1+ 48. Rb3 Rd1 49. b7 Rd8 50. Kc5 Rb8 51. Kc6 Ke6 52. Kc7 1-0

[Event "Wch U20 51st"]
[Site "Athens"]
[Date "2012.08.05"]
[Round "4"]
[White "Du Plessis, Heinco"]
[Black "Wu, Kevin"]
[Result "1-0"]
[WhiteElo "2075"]
[BlackElo "1905"]
[PlyCount "87"]
[EventDate "2012.08.02"]
[EventType "swiss"]
[EventRounds "13"]
[EventCountry "GRE"]
[SourceTitle "CBM 149 Extra"]
[Source "ChessBase"]
[SourceDate "2012.08.24"]
[SourceVersion "1"]
[SourceVersionDate "2012.08.24"]
[SourceQuality "1"]

1. e4 c5 2. Nf3 d6 3. d4 cxd4 4. Qxd4 a6 5. Be2 Nc6 6. Qe3 g6 7. 0-0 Bg7 8. c4 Nf6 9. h3 0-0 10. Rd1 Nd7 11. Nc3 b6 12. Rb1 a5 13. b3 Bb7 14. Bb2 Nc5 15. Nd5 f6 16. a3 e6 17. Nc3 Qe7 18. Nb5 Rfd8 19. Ne1 Ne5 20. f4 Bh6 21. Nc3 Rdc8 22. g4 Nf7 23. b4 axb4 24. axb4 Na4 25. Nxa4 Rxa4 26. Qxb6 Bxe4 27. Bd3 d5 28. c5 Bxf4 29. Bxe4 dxe4 30. Ng2 Rb8 31. Qc6 Raxb4 32. Nxf4 Rxb2 33. Rxb2 Rxb2 34. Rd7 Qf8 35. Nxe6 Rb1+ 36. Kg2 Ne5 37. Qd5 Rb2+ 38. Kf1 Rb1+ 39. Ke2 Rb2+ 40. Kd1 Rb1+ 41. Kc2 Rb2+ 42. Kxb2 Qb8+ 43. Rb7 Nd3+ 44. Kc3 1-0

[Event "Wch U20 51st"]
[Site "Athens"]
[Date "2012.08.04"]
[Round "3"]
[White "Torkkola, Henri"]
[Black "Wu, Kevin"]
[Result "1-0"]
[WhiteElo "2123"]
[BlackElo "1905"]
[PlyCount "57"]
[EventDate "2012.08.02"]
[EventType "swiss"]
[EventRounds "13"]
[EventCountry "GRE"]
[SourceTitle "CBM 149 Extra"]
[Source "ChessBase"]
[SourceDate "2012.08.24"]
[SourceVersion "1"]
[SourceVersionDate "2012.08.24"]
[SourceQuality "1"]

1. e4 c5 2. d4 cxd4 3. c3 dxc3 4. Nxc3 Nc6 5. Nf3 g6 6. Bc4 Bg7 7. e5 Qa5 8. 0-0 Nxe5 9. Nxe5 Qxe5 10. Re1 Qc5 11. Qb3 e6 12. Nb5 Ne7 13. Bf4 0-0 14. Bd6 Qg5 15. Nc7 Rb8 16. Nxe6 fxe6 17. Bxb8 Bd4 18. Bg3 Nc6 19. Re2 b6 20. Rd1 Bb7 21. Bxe6+ dxe6 22. Rxe6 Kg7 23. Rxc6 Bxf2+ 24. Bxf2 Bxc6 25. Bd4+ Kh6 26. Be3 Rf4 27. g3 Kh5 28. Bxf4 Qc5+ 29. Qe3 1-0

[Event "Canadian op 48th"]
[Site "Toronto"]
[Date "2011.07.10"]
[Round "2"]
[White "Wu, Kevin"]
[Black "Zotkin, Daniel"]
[Result "1-0"]
[WhiteElo "2105"]
[BlackElo "1598"]
[PlyCount "51"]
[EventDate "2011.07.09"]
[EventType "swiss"]
[EventRounds "9"]
[EventCountry "CAN"]
[SourceTitle "EXT 2022"]
[Source "ChessBase"]
[SourceDate "2021.10.06"]
[SourceVersion "1"]
[SourceVersionDate "2021.10.06"]
[SourceQuality "1"]

1. e4 c5 2. Nf3 Nc6 3. d4 cxd4 4. Nxd4 g6 5. c4 Bg7 6. Nc2 Nf6 7. Nc3 0-0 8. Be2 b6 9. 0-0 Bb7 10. f4 d6 11. Be3 Rc8 12. Bd3 Qd7 13. h3 h5 14. Qe1 Na5 15. Na3 Qe6 16. Bd4 Ba6 17. b3 Nc6 18. Nc2 Bb7 19. Rd1 Rfd8 20. f5 Qd7 21. fxg6 fxg6 22. Qg3 e5 23. Nd5 Nxd5 24. exd5 Nxd4 25. Nxd4 exd4 26. Qxg6 1-0

[Event "CAN-ch U16"]
[Site "Richmond Hill"]
[Date "2011.07.08"]
[Round "5"]
[White "Song, Lin"]
[Black "Wu, Kevin"]
[Result "0-1"]
[WhiteElo "1882"]
[BlackElo "2087"]
[PlyCount "79"]
[EventDate "2011.07.06"]
[EventType "swiss"]
[EventRounds "7"]
[EventCountry "CAN"]
[SourceTitle "EXT 2022"]
[Source "ChessBase"]
[SourceDate "2021.10.06"]
[SourceVersion "1"]
[SourceVersionDate "2021.10.06"]
[SourceQuality "1"]

1. e4 c5 2. Na3 a6 3. c3 d5 4. exd5 Qxd5 5. Nf3 Nf6 6. Bc4 Qd6 7. Be2 Nc6 8. Nc4 Qc7 9. d3 b5 10. Ne3 e6 11. Bd2 Bd6 12. h3 Bb7 13. Qc2 Ne5 14. Ng5 h6 15. Ne4 Nxe4 16. dxe4 Qc6 17. f3 Ng6 18. 0-0-0 c4 19. Kb1 a5 20. Be1 Bc5 21. Ng4 Qc7 22. g3 0-0 23. Rf1 Ra7 24. f4 f5 25. exf5 exf5 26. Ka1 Be4 27. Qd2 fxg4 28. Bxg4 Ra6 29. Bf2 Rd6 30. Qe1 Rxd1+ 31. Bxd1 Bd3 32. Rh1 Bxf2 33. Qxf2 Qc6 34. Bf3 Be4 35. Bxe4 Qxe4 36. Re1 Qd5 37. Qa7 Rd8 38. a3 b4 39. cxb4 axb4 40. Qb6 0-1

[Event "Scarborough CC-ch Reserves"]
[Site "Toronto"]
[Date "2011.04.14"]
[Round "8"]
[White "Ferreira, Alex"]
[Black "Wu, Kevin"]
[Result "1/2-1/2"]
[WhiteElo "2105"]
[BlackElo "2106"]
[PlyCount "84"]
[EventDate "2011.02.24"]
[EventType "swiss"]
[EventRounds "9"]
[EventCountry "CAN"]
[SourceTitle "EXT 2022"]
[Source "ChessBase"]
[SourceDate "2021.10.06"]
[SourceVersion "1"]
[SourceVersionDate "2021.10.06"]
[SourceQuality "1"]

1. Nf3 Nf6 2. c4 g6 3. Nc3 Bg7 4. g3 0-0 5. Bg2 d6 6. 0-0 Nc6 7. a3 e5 8. b4 a6 9. Bb2 Bg4 10. h3 Be6 11. d3 h6 12. Kh2 Nh5 13. e3 f5 14. Ne2 Kh7 15. Nd2 f4 16. exf4 exf4 17. Bxg7 fxg3+ 18. fxg3 Nxg7 19. Nf4 Rb8 20. Nxe6 Nxe6 21. Qg4 Ng5 22. Rxf8 Qxf8 23. Qd7+ Qg7 24. Qxg7+ Kxg7 25. Bxc6 bxc6 26. Re1 c5 27. h4 Nf7 28. bxc5 Rb2 29. Rd1 Ne5 30. cxd6 cxd6 31. Kh3 Nxd3 32. Ne4 Rb3 33. a4 Ra3 34. a5 Nb2 35. Rxd6 Nxc4 36. Rxa6 Rxa5 37. Rc6 Ne5 38. Rc7+ Kf8 39. Nf6 Ra6 40. Nd5 Rd6 41. Ne7 Re6 42. Nd5 Rd6 1/2-1/2

[Event "Scarborough CC-ch Reserves"]
[Site "Toronto"]
[Date "2011.02.24"]
[Round "1"]
[White "Wu, Kevin"]
[Black "Moran Venegas, Mario"]
[Result "1-0"]
[WhiteElo "2080"]
[BlackElo "1773"]
[PlyCount "51"]
[EventDate "2011.02.24"]
[EventType "swiss"]
[EventRounds "9"]
[EventCountry "CAN"]
[SourceTitle "EXT 2022"]
[Source "ChessBase"]
[SourceDate "2021.10.06"]
[SourceVersion "1"]
[SourceVersionDate "2021.10.06"]
[SourceQuality "1"]

1. e4 c5 2. Nf3 d6 3. d4 cxd4 4. Nxd4 Nf6 5. Nc3 a6 6. Bg5 e6 7. f4 Be7 8. Qf3 Qc7 9. 0-0-0 h6 10. Bh4 Nc6 11. g4 Nxd4 12. Rxd4 b5 13. Bg2 e5 14. Bxf6 exd4 15. Nd5 Qc5 16. Bxe7 Be6 17. Re1 Rc8 18. Qd3 Bxg4 19. e5 Kd7 20. Bxd6 Qa7 21. Bh3 Be6 22. Ne7 Rce8 23. f5 Rxe7 24. fxe6+ fxe6 25. Bxe7 Kxe7 26. Qg6 1-0

[Event "Scarborough CC LH Summer op"]
[Site "Toronto"]
[Date "2010.05.27"]
[Round "4"]
[White "Wu, Kevin"]
[Black "Hall, John2222"]
[Result "1/2-1/2"]
[WhiteElo "1920"]
[BlackElo "2238"]
[PlyCount "86"]
[EventDate "2010.04.29"]
[EventType "swiss"]
[EventRounds "8"]
[EventCountry "CAN"]
[SourceTitle "EXT 2022"]
[Source "ChessBase"]
[SourceDate "2021.10.06"]
[SourceVersion "1"]
[SourceVersionDate "2021.10.06"]
[SourceQuality "1"]

1. e4 e5 2. Nf3 Nc6 3. Bb5 a6 4. Ba4 Nf6 5. 0-0 Be7 6. Re1 b5 7. Bb3 d6 8. h3 0-0 9. c3 Bb7 10. d4 Qd7 11. Nbd2 Rae8 12. Nf1 exd4 13. cxd4 Na5 14. Bc2 d5 15. Ng3 Nxe4 16. Ne5 Qd8 17. Nxe4 dxe4 18. Bxe4 Bxe4 19. Rxe4 Qd5 20. Qc2 f5 21. Re2 Bd6 22. Nf3 Qc4 23. Qxc4+ Nxc4 24. Rxe8 Rxe8 25. b3 Nb6 26. Bd2 Kf7 27. Kf1 h6 28. Rc1 Nd5 29. Rc6 Rc8 30. g3 Ke6 31. Ke2 Ne7 32. Rc1 Kd5 33. Kd3 Nc6 34. Bc3 a5 35. Nh4 f4 36. Ng2 g5 37. gxf4 gxf4 38. Bd2 Nb4+ 39. Ke2 Re8+ 40. Kf3 Nd3 41. Rd1 Kxd4 42. Bxa5 Ra8 43. Be1 Rxa2 1/2-1/2

[Event "Scarborough CC-ch Reserves op"]
[Site "Toronto"]
[Date "2010.03.18"]
[Round "4"]
[White "Morra, Lui"]
[Black "Wu, Kevin"]
[Result "0-1"]
[WhiteElo "1660"]
[BlackElo "1911"]
[PlyCount "56"]
[EventDate "2010.02.25"]
[EventType "swiss"]
[EventRounds "9"]
[EventCountry "CAN"]
[SourceTitle "EXT 2022"]
[Source "ChessBase"]
[SourceDate "2021.10.06"]
[SourceVersion "1"]
[SourceVersionDate "2021.10.06"]
[SourceQuality "1"]

1. e4 c5 2. Nf3 d6 3. d4 cxd4 4. Nxd4 Nf6 5. Nc3 g6 6. Be2 Bg7 7. Bg5 0-0 8. Qd2 Nc6 9. Nxc6 bxc6 10. Bh6 Rb8 11. Bxg7 Kxg7 12. 0-0-0 Qa5 13. Kb1 Be6 14. h4 Nxe4 15. Qd4+ Nf6 16. h5 c5 17. Qe3 d5 18. hxg6 d4 19. Qh6+ Kg8 20. gxf7+ Kh8 21. Rd3 dxc3 22. b3 Bf5 23. Rg3 Bxc2+ 24. Ka1 Bg6 25. Bd3 Qa3 26. Rb1 Nd5 27. b4 Nxb4 28. Bc4 Nc2# 0-1

[Event "Toronto Scarborough CC Frost op"]
[Site "Toronto"]
[Date "2010.02.11"]
[Round "6"]
[White "Luiting, Larry"]
[Black "Wu, Kevin"]
[Result "0-1"]
[WhiteElo "1702"]
[BlackElo "1917"]
[PlyCount "58"]
[EventDate "2010.01.07"]
[EventType "swiss"]
[EventRounds "6"]
[EventCountry "CAN"]
[SourceTitle "EXT 2011"]
[Source "ChessBase"]
[SourceDate "2010.11.26"]
[SourceVersion "1"]
[SourceVersionDate "2010.11.26"]
[SourceQuality "1"]

1. e4 c5 2. Nf3 d6 3. d4 cxd4 4. Nxd4 Nf6 5. Nc3 g6 6. Be3 Bg7 7. f3 0-0 8. Qd2 Nc6 9. 0-0-0 d5 10. exd5 Nxd5 11. Nxc6 bxc6 12. Bd4 e5 13. Bc5 Nxc3 14. Qxc3 Bh6+ 15. Be3 Bxe3+ 16. Qxe3 Qa5 17. Bc4 Ba6 18. Bb3 Rfd8 19. c3 Bb7 20. Rhe1 Rxd1+ 21. Rxd1 Qc7 22. Qd3 Rf8 23. Qd7 Qb6 24. Qe7 Qe3+ 25. Kb1 Ba6 26. Qd7 Be2 27. Rd2 c5 28. a3 c4 29. Bc2 Rb8 0-1

[Event "Toronto Scarborough CC Frost op"]
[Site "Toronto"]
[Date "2010.01.21"]
[Round "3"]
[White "Bellomo, Joe"]
[Black "Wu, Kevin"]
[Result "1-0"]
[WhiteElo "1748"]
[BlackElo "1917"]
[PlyCount "119"]
[EventDate "2010.01.07"]
[EventType "swiss"]
[EventRounds "6"]
[EventCountry "CAN"]
[SourceTitle "EXT 2011"]
[Source "ChessBase"]
[SourceDate "2010.11.26"]
[SourceVersion "1"]
[SourceVersionDate "2010.11.26"]
[SourceQuality "1"]

1. e4 c5 2. Nf3 d6 3. d4 cxd4 4. Nxd4 Nf6 5. Nc3 g6 6. Be3 Bg7 7. Qd2 Ng4 8. Bg5 h6 9. Bh4 Nc6 10. Bb5 Bd7 11. Bxc6 bxc6 12. 0-0 0-0 13. Rad1 Ne5 14. b3 c5 15. Nde2 Nc6 16. Nd5 Be6 17. c4 Bxd5 18. exd5 Nd4 19. Nxd4 cxd4 20. Rfe1 g5 21. Bg3 Re8 22. f4 e5 23. dxe6 fxe6 24. fxg5 hxg5 25. Qd3 e5 26. Qe4 Qe7 27. Qd5+ Qe6 28. Rxd4 Qxd5 29. Rxd5 Rad8 30. Red1 Re6 31. Bf2 Rd7 32. c5 Bf8 33. c6 Rc7 34. Rc1 Re8 35. b4 Kf7 36. b5 Ke6 37. Rdd1 Rb8 38. a4 d5 39. Re1 Bb4 40. Re2 e4 41. Bg3 Bd6 42. Bf2 Bb4 43. Rf1 Rf8 44. Bd4 Rxf1+ 45. Kxf1 Bd6 46. g3 Be5 47. Be3 Bf6 48. Bc5 Be7 49. Be3 Bf6 50. Bd2 Rf7 51. Kg2 Bd8 52. a5 Ke5 53. Rf2 Rxf2+ 54. Kxf2 d4 55. Bxg5 Bxa5 56. Bf4+ Ke6 57. h4 e3+ 58. Ke2 Kd5 59. h5 Ke4 60. Bxe3 1-0

[Event "Toronto Howard Ridout op"]
[Site "Toronto"]
[Date "2009.10.22"]
[Round "7"]
[White "Wu, Kevin"]
[Black "Zhou, Kevin"]
[Result "1/2-1/2"]
[WhiteElo "1954"]
[BlackElo "1826"]
[PlyCount "40"]
[EventDate "2009.09.10"]
[EventType "swiss"]
[EventRounds "8"]
[EventCountry "CAN"]
[SourceTitle "EXT 2011"]
[Source "ChessBase"]
[SourceDate "2010.11.26"]
[SourceVersion "1"]
[SourceVersionDate "2010.11.26"]
[SourceQuality "1"]

1. e4 e5 2. Nf3 Nc6 3. Bb5 a6 4. Ba4 Nf6 5. 0-0 Be7 6. Re1 b5 7. Bb3 d6 8. c3 0-0 9. h3 Na5 10. Bc2 c5 11. d4 Nd7 12. Nbd2 exd4 13. cxd4 Nc6 14. d5 Nce5 15. Nxe5 Nxe5 16. f4 Ng6 17. Nf3 Bh4 18. Nxh4 Qxh4 19. Rf1 Bxh3 20. gxh3 Qg3+ 1/2-1/2

[Event "Toronto Howard Ridout op"]
[Site "Toronto"]
[Date "2009.09.24"]
[Round "3"]
[White "Wu, Kevin"]
[Black "Mesiti, Silvano"]
[Result "1-0"]
[WhiteElo "1954"]
[BlackElo "1774"]
[PlyCount "75"]
[EventDate "2009.09.10"]
[EventType "swiss"]
[EventRounds "8"]
[EventCountry "CAN"]
[SourceTitle "EXT 2011"]
[Source "ChessBase"]
[SourceDate "2010.11.26"]
[SourceVersion "1"]
[SourceVersionDate "2010.11.26"]
[SourceQuality "1"]

1. e4 e5 2. Nf3 d6 3. Nc3 Nf6 4. d4 exd4 5. Nxd4 Be7 6. f3 0-0 7. Be3 Bd7 8. g4 Nc6 9. Nf5 Ne5 10. Be2 Ne8 11. f4 Ng6 12. g5 Qc8 13. Nxe7+ Nxe7 14. f5 Nc6 15. Qd2 Ne5 16. 0-0-0 Bc6 17. Rhg1 a6 18. h4 b5 19. h5 b4 20. Nd5 Bxd5 21. Qxd5 c6 22. Qd2 c5 23. g6 fxg6 24. hxg6 h6 25. Bxh6 gxh6 26. Qxh6 Qc7 27. g7 Nxg7 28. f6 Rxf6 29. Qxf6 Qf7 30. Qxd6 Qxa2 31. Rxg7+ Kxg7 32. Qxe5+ Kf8 33. Rf1+ Qf7 34. Qd6+ Ke8 35. Bh5 Ra7 36. Rf6 Re7 37. Qb8+ Kd7 38. Rd6# 1-0

[Event "Toronto Howard Ridout op"]
[Site "Toronto"]
[Date "2009.09.10"]
[Round "1"]
[White "Wu, Kevin"]
[Black "Jizan, Masoud"]
[Result "1-0"]
[WhiteElo "1954"]
[BlackElo "1718"]
[PlyCount "111"]
[EventDate "2009.09.10"]
[EventType "swiss"]
[EventRounds "8"]
[EventCountry "CAN"]
[SourceTitle "EXT 2011"]
[Source "ChessBase"]
[SourceDate "2010.11.26"]
[SourceVersion "1"]
[SourceVersionDate "2010.11.26"]
[SourceQuality "1"]

1. e4 e5 2. Nf3 Nc6 3. Bb5 Nf6 4. 0-0 Bc5 5. d3 h6 6. Bxc6 dxc6 7. Nxe5 Qe7 8. Nc4 Be6 9. b3 Rd8 10. Qe1 Bd4 11. c3 Bb6 12. Nxb6 cxb6 13. d4 0-0 14. d5 Bc8 15. Ba3 c5 16. Nd2 Rfe8 17. f3 b5 18. Bb2 c4 19. Qf2 cxb3 20. axb3 a6 21. c4 bxc4 22. bxc4 Nd7 23. Qd4 f6 24. Nb3 Ne5 25. Ba3 Qc7 26. c5 Bd7 27. Bb4 Bb5 28. Ba5 Qf7 29. Bxd8 Bxf1 30. Bxf6 Qxf6 31. Rxf1 Rd8 32. Rf2 a5 33. Kf1 Ra8 34. Ra2 Qa6+ 35. Kg1 Qf6 36. d6 h5 37. Qd5+ Qf7 38. Qxe5 Qxb3 39. Qd5+ Qxd5 40. exd5 Kf7 41. Kf2 Kf6 42. f4 Kf5 43. Ra4 Kf6 44. Kf3 g6 45. g3 Kf7 46. Ke4 Re8+ 47. Kd4 Ra8 48. Kc4 Re8 49. Rxa5 Re2 50. Ra7 Rc2+ 51. Kb5 Rb2+ 52. Ka5 Ra2+ 53. Kb6 Rb2+ 54. Kc7 Rc2 55. c6 b5 56. d7 1-0

[Event "Toronto Labour Day op U2200"]
[Site "Toronto"]
[Date "2009.09.07"]
[Round "6"]
[White "Wu, Kevin"]
[Black "Armstrong, Robert J"]
[Result "1-0"]
[WhiteElo "1954"]
[BlackElo "1814"]
[PlyCount "67"]
[EventDate "2009.09.05"]
[EventType "swiss"]
[EventRounds "6"]
[EventCountry "CAN"]
[SourceTitle "EXT 2011"]
[Source "ChessBase"]
[SourceDate "2010.11.26"]
[SourceVersion "1"]
[SourceVersionDate "2010.11.26"]
[SourceQuality "1"]

1. e4 g6 2. d4 Bg7 3. Nc3 d6 4. Nf3 Nf6 5. Be3 0-0 6. h3 c6 7. Bd3 b5 8. a3 a5 9. Qc1 Bb7 10. Bh6 b4 11. Bxg7 Kxg7 12. axb4 axb4 13. Rxa8 Bxa8 14. Ne2 Qc7 15. h4 h5 16. Qg5 c5 17. e5 Ne4 18. Bxe4 Bxe4 19. exd6 exd6 20. Nf4 Bxf3 21. gxf3 Re8+ 22. Kd2 Kh7 23. Nd5 Qd8 24. Nf6+ Kg7 25. Nxe8+ Qxe8 26. dxc5 Qe5 27. Qxe5+ dxe5 28. Kd3 Nc6 29. Kc4 Kf6 30. Kd5 Nd4 31. c3 bxc3 32. bxc3 Nb5 33. c4 Na7 34. Re1 1-0

[Event "Scarborough CC Spring op"]
[Site "Toronto"]
[Date "2009.06.04"]
[Round "6"]
[White "Wu, Kevin"]
[Black "Wu, Aaron"]
[Result "1/2-1/2"]
[WhiteElo "1926"]
[BlackElo "1961"]
[PlyCount "75"]
[EventDate "2009.04.30"]
[EventType "swiss"]
[EventRounds "9"]
[EventCountry "CAN"]
[SourceTitle "EXT 2011"]
[Source "ChessBase"]
[SourceDate "2010.11.26"]
[SourceVersion "1"]
[SourceVersionDate "2010.11.26"]
[SourceQuality "1"]

1. e4 c5 2. Nf3 Nc6 3. d4 cxd4 4. Nxd4 Nf6 5. Nc3 e5 6. Nb3 Bb4 7. Bb5 d5 8. exd5 Nxd5 9. Bd2 Nxc3 10. Bxc3 Bxc3+ 11. bxc3 0-0 12. 0-0 Qg5 13. Kh1 Bf5 14. Qf3 Bg6 15. Nc5 Qe7 16. Qe3 f5 17. Bc4+ Bf7 18. Bxf7+ Rxf7 19. Nb3 Rd8 20. Rfd1 b6 21. Qe2 Qf6 22. Rxd8+ Qxd8 23. Rd1 Rd7 24. Rxd7 Qxd7 25. Qd3 Qe6 26. f3 h6 27. h4 e4 28. Qe3 Qc4 29. fxe4 Qxe4 30. Qxe4 fxe4 31. Kg1 Kf7 32. Kf2 Kf6 33. Ke3 Ke5 34. Nd2 Ne7 35. Nxe4 Nd5+ 36. Kf3 Nf4 37. g3 Ne6 38. Ke3 1/2-1/2

[Event "Scarborough CC-ch"]
[Site "Toronto"]
[Date "2009.04.09"]
[Round "7"]
[White "Wu, Kevin"]
[Black "Hall, John2222"]
[Result "0-1"]
[WhiteElo "1894"]
[BlackElo "2204"]
[PlyCount "116"]
[EventDate "2009.02.26"]
[EventType "tourn"]
[EventRounds "9"]
[EventCountry "CAN"]
[SourceTitle "EXT 2011"]
[Source "ChessBase"]
[SourceDate "2010.11.26"]
[SourceVersion "1"]
[SourceVersionDate "2010.11.26"]
[SourceQuality "1"]

1. e4 e5 2. Nf3 Nf6 3. Nxe5 d6 4. Nf3 Nxe4 5. d4 d5 6. Bd3 Bd6 7. Nc3 Nxc3 8. bxc3 Bg4 9. Qe2+ Qe7 10. Qxe7+ Kxe7 11. Be2 Nd7 12. h3 Bh5 13. Nh4 Bxe2 14. Kxe2 g6 15. a4 Nb6 16. Ba3 Nc4 17. Bxd6+ Kxd6 18. Kd3 Rhe8 19. Nf3 Re7 20. Rab1 Rae8 21. Rhe1 Rxe1 22. Nxe1 Kc6 23. Nf3 f6 24. Nd2 Nd6 25. Nb3 b6 26. Nd2 a5 27. Ra1 Ne4 28. Nxe4 dxe4+ 29. Kc4 e3 30. fxe3 Rxe3 31. Rf1 f5 32. g4 fxg4 33. hxg4 Re4 34. g5 Rg4 35. Rf6+ Kb7 36. Rf7 Rxg5 37. Rxh7 Rf5 38. Rg7 Rf6 39. Kb5 Rf5+ 40. Kc4 g5 41. Kd3 b5 42. axb5 Rxb5 43. c4 Rf5 44. Ke4 Rf4+ 45. Ke3 Rg4 46. Kf3 Rxd4 47. Rxg5 Kb6 48. Rb5+ Ka6 49. Rb2 Rxc4 50. Ke2 c5 51. Kd3 Rd4+ 52. Kc3 Rh4 53. Kb3 Rb4+ 54. Ka3 Kb5 55. Rb3 a4 56. Rf3 Rc4 57. c3 Rg4 58. Rf2 Kc4 0-1

[Event "Toronto Hart House Holidays op"]
[Site "Toronto"]
[Date "2008.12.20"]
[Round "2"]
[White "Wu, Kevin"]
[Black "Calugar, Arthur"]
[Result "0-1"]
[WhiteElo "1917"]
[BlackElo "2238"]
[PlyCount "64"]
[EventDate "2008.12.19"]
[EventType "swiss"]
[EventRounds "5"]
[EventCountry "CAN"]
[SourceTitle "EXT 2011"]
[Source "ChessBase"]
[SourceDate "2010.11.26"]
[SourceVersion "1"]
[SourceVersionDate "2010.11.26"]
[SourceQuality "1"]

1. e4 c5 2. Nf3 Nc6 3. d4 cxd4 4. Nxd4 Nf6 5. Nc3 d6 6. Be2 e5 7. Nb3 Be7 8. Be3 0-0 9. 0-0 a5 10. a4 Nb4 11. Bf3 Be6 12. Bg5 Rc8 13. Rc1 h6 14. Bh4 Qb6 15. Kh1 Nxc2 16. Qxc2 Bxb3 17. Qd2 Nxe4 18. Nxe4 Bxh4 19. Qxd6 Qxd6 20. Nxd6 Rxc1 21. Rxc1 Bxf2 22. Nxb7 Bxa4 23. Nxa5 f5 24. Bd5+ Kh7 25. b3 Bb5 26. Nc4 e4 27. g3 Rd8 28. Be6 Kg6 29. Rf1 e3 30. Bxf5+ Kxf5 31. Nxe3+ Ke4 32. Rxf2 Kxe3 0-1